Financing of Ukrainian Diplomatic Service

Gespeichert in:
Bibliographische Detailangaben
1. Verfasser: Kunychka, Mykhaylo, 1990-
Weitere Verfasser: Raneta, Leonid, 1982-
Format: Buchkapitel
Sprache:Englisch
Tags: Tag hinzufügen
Keine Tags, Fügen Sie das erste Tag hinzu!

MARC

LEADER 00000nla a2200000 4500
001 0214079
005 20240502073557.7
041 0 |a eng 
044 |a SK 
245 1 0 |a Financing of Ukrainian Diplomatic Service  |c Mykhaylo Kunychka, Leonid Raneta 
100 1 |a Kunychka, Mykhaylo, 1990- 
700 1 |a Raneta, Leonid, 1982-